| 000 | 01015nam a22002537a 4500 | ||
|---|---|---|---|
| 005 | 20080806114220.0 | ||
| 008 | 080806t xxu||||| |||| 00| 0 eng d | ||
| 010 | _aENG-90670 | ||
| 020 |
_a978818435083X _c625.00 |
||
| 035 | _aEN-74203 | ||
| 037 | _bDBAD / PUB | ||
| 040 |
_aDPL _bEN |
||
| 082 | _a338.9220954 | ||
| 100 | _aKhatarkar, Yashwant | ||
| 245 |
_aEconomic reforms in India / _cby Yashwant Khatarkar |
||
| 260 |
_aNew Delhi _bAdhyayan Publishers & Distributors _c2007 |
||
| 270 |
_a4.78/4B, 105, J.M.D. House, Murari Lal Street, Ansari Raod, Darya Ganj, _bNew Delhi _e110002 _k23263018 |
||
| 300 |
_avi, 228p. _c23 cm (Hb) |
||
| 500 | _aIncludes bibliographical references and index | ||
| 650 |
_aEconomic reforms _zIndia |
||
| 651 |
_aIndia _xEconomic policy _y1991 |
||
| 942 |
_2ddc _cEN _h338.9220954 _mKHA |
||
| 999 |
_c14734 _d14734 |
||